1º de Maio, dia do trabalho (Record no. 74159)

MARC details
000 -LÍDER
campo de controle de tamanho fixo 00385 a2200169 4500
001 - NÚMERO DE CONTROLE
campo de controle 74159
020 ## - ISBN - INTERNATIONAL STANDARD BOOK NUMBER
ISBN - International Standard Book Number 853223766-5
040 ## - FONTE DA CATALOGAÇÃO
Instituição que transcreveu o registro Anchieta - Colégio São Paulo
100 ## - ENTRADA PRINCIPAL--NOME PESSOAL
Nome pessoal Boulos Júnior, Alfredo
240 10 - TÍTULO UNIFORME
Título uniforme 1º de Maio, dia do trabalho
Idioma da obra por
245 10 - TÍTULO
Título 1º de Maio, dia do trabalho
300 ## - DESCRIÇÃO FÍSICA
Extensão 37
362 0# - DATAS DE PUBLICAÇÃO E/OU DESIGNAÇÃO SEQUENCIAL
Datas de publicação e/ou designação sequencial 1997
440 #1 - DECLARAÇÃO DE SÉRIE/ENTRADA ADICIONADA--TÍTULO
Título FTD
650 #4 - ASSUNTO--TERMO TÓPICO
Cabeçalho tópico ou nome geográfico Brasil
942 ## - ELEMENTOS DE ENTRADA ADICIONADOS (KOHA)
Tipo de material Koha Livros
Holdings
Situação do descarte Situação das perdas Situação física Não pode ser emprestado Biblioteca de origem Biblioteca atual Data de aquisição Total de empréstimos Código de barras Data de último acesso Data do preço efetivo Tipo de material Koha
        Colégio São Paulo Colégio São Paulo 22/11/2023   4661/CSP 22/11/2023 22/11/2023 Livros